| 000 | 00355 a2200145 4500 | ||
|---|---|---|---|
| 020 | _a9694860262 | ||
| 082 |
_a297.7 _bZAF |
||
| 100 |
_aZafar, M. D. _9119857 |
||
| 245 |
_aIslamic Education _cM. D. Zafar ; A. S. Bukhari |
||
| 250 | _a2008 | ||
| 260 |
_aLahore _bAziz Book Depot _c2008 |
||
| 300 |
_axiv, 353p , _c20 cm. |
||
| 650 | _aIslam | ||
| 942 |
_2ddc _cBK |
||
| 999 |
_c167 _d167 |
||